Zatím největší výrobní investice z Francie. Přináší ji do Československa Čech Jan Hrubant.
Najväčšiu francúzsku výrobnú investíciu v ČSFR predstavuje projekt nového výrobného závodu spoločnosti Europlast vo Frýdlante, ktorý si vyžiada 1,5 miliardy Kčs. Rozhovor s prezidentom účastinnej spoločnosti Europlast o vzniku spoločného podniku, o harmonograme realizácie projektu, výrobnom programe...
Saved in:
| Main Author: | |
|---|---|
| Other Authors: | , |
| Format: | Book Chapter |
| Language: | Czech |
| Subjects: | |
| Tags: |
No Tags, Be the first to tag this record!
|
MARC
| LEADER | 00000naa a2200000 4500 | ||
|---|---|---|---|
| 001 | r007211 | ||
| 005 | 20220831084245.0 | ||
| 041 | 0 | |a cze | |
| 044 | |a [CS] | ||
| 245 | 1 | 0 | |a Zatím největší výrobní investice z Francie. |b Přináší ji do Československa Čech Jan Hrubant. |c J. Hrubant, Libuše Bautzová, J. Urban |
| 520 | |a Najväčšiu francúzsku výrobnú investíciu v ČSFR predstavuje projekt nového výrobného závodu spoločnosti Europlast vo Frýdlante, ktorý si vyžiada 1,5 miliardy Kčs. Rozhovor s prezidentom účastinnej spoločnosti Europlast o vzniku spoločného podniku, o harmonograme realizácie projektu, výrobnom programe, vývoze, počte zamestnancov a o sociálnom programe. | ||
| 610 | 2 | 0 | |a investície zahraničné |
| 610 | 2 | 0 | |a ČSFR |
| 610 | 2 | 0 | |a Francúzsko |
| 610 | 2 | 0 | |a Europlast Frýdlant |
| 610 | 2 | 0 | |a podnik spoločný |
| 100 | 1 | |a Hrubant, J. | |
| 700 | 1 | |a Urban, J. | |
| 700 | 1 | |a Bautzová, Libuše | |